| 000 | 02271cam a22004574i 4500 | ||
|---|---|---|---|
| 003 | PE-LiUPU | ||
| 005 | 20250731173425.0 | ||
| 008 | 150706s2007 flu r 000 0 spa d | ||
| 020 | _a9780829751345 | ||
| 035 | _a(Sirsi) i9780829751345 | ||
| 040 |
_aPE-LiUPU _bspa _cPE-LiUPU _erda |
||
| 049 | _aPRUA | ||
| 082 | 0 | 4 |
_a248.4 _bS55 _221 |
| 100 | 1 |
_aSilva-Silva, Darío, _eautor. |
|
| 245 | 1 | 3 |
_aEl código Jesús : _bel enigma resuelto / _cDarío Silva-Silva. |
| 264 | 1 |
_aMiami, Florida : _bVida, _c2007. |
|
| 300 |
_a239 páginas ; _c22 centímetros |
||
| 336 |
_atext _2rdacontent |
||
| 337 |
_aunmediated _2rdamedia |
||
| 338 |
_avolume _2rdacarrier |
||
| 505 | 0 | _aEl secreto del hombre del anotador -- Doble clic -- El corazón de la clave es la clave del corazón -- Una paloma sobre un cordero -- De recaudador a tributario -- El pescador pescado -- Uno que es absolutamente otro -- El creador no es su creación -- El asombro de Dios -- Un paparazzi de Dios -- ¿Tiene Dios una madre? -- Espíritu saciado en cuerpo hambriento -- La muerte de la muerte -- El altavoz del espíritu -- L corona no hace al Rey -- ¿Puede un hombre ser Dios? -- ¿Quién es Jesús para Jesús? -- Dios como hijo del hombre -- El proveedor es la misma provisión -- Toda la luz es una lámpara -- Opio del pueblo o vid verdadera -- La triple clave de Tomás -- El carpintero es la puerta -- Dios no quiso ser soltero -- La anatomía de Cristo -- El crucigrama eterno -- Ordenador de claves. | |
| 526 | _aSEG42 | ||
| 526 | _aSEG41 | ||
| 526 | _aSEG40 | ||
| 526 | _aSEG39 | ||
| 526 | _aP94 | ||
| 526 | _aP87 | ||
| 526 | _aP86 | ||
| 526 | _aP85 | ||
| 526 | _aP77 | ||
| 526 | _aP76 | ||
| 526 | _aP35 | ||
| 541 | _g001-0000607; | ||
| 650 | 0 | 4 | _aVida Cristiana. |
| 910 |
_agl _bjv _clch _d20121111 |
||
| 942 |
_2ddc _cBOOK |
||
| 949 |
_a248.4 S55 _wDEWEY _c1 _i65711 _lCCODEBUL1 _mBUL _p25.00 _r0 _sY _tBOOK _u2015-7-6 _xTEOLOGIA _PP35 _o.STAFF. Colección General |
||
| 994 |
_aC0 _bPEPRU |
||
| 596 | _a1 | ||
| 999 |
_a248.4 S55 _wDEWEY _c54145 _i65711 _f2021-11-10 _g5 _lCCODEBUL1 _mBUL _p25.00 _r0 _sY _tBOOK _u2015-7-6 _xTEOLOGIA _PP35 _0COMPRA _o.STAFF. Colección Teología _d54145 |
||
| 980 |
_81 _gALBERTO SANCHEZ Responsable de Automatización |
||